La pensée théologique de Teilhard de Chardin

Đã lưu trong:
Chi tiết về thư mục
Tác giả chính: Crespy, Georges
Định dạng: Sách
Ngôn ngữ:Undetermined
Được phát hành: París, Francia Editions Universitaires 1961
Những chủ đề:
Các nhãn: Thêm thẻ
Không có thẻ, Là người đầu tiên thẻ bản ghi này!

MARC

LEADER 00000nam a2200000Ia 4500
008 170316s9999 xx 000 0 und d
090 |a 100 C-47p 
100 |a Crespy, Georges 
245 |a La pensée théologique de Teilhard de Chardin 
260 |a París, Francia 
260 |b Editions Universitaires 
260 |c 1961 
300 |a 236 páginas 
650 |a FILOSOFÍA 
999 |c 15940  |d 15940 
040 |a cru BVZT 
942 |c 15 D  |h 100 C-47p  |2 z